Knowledge systems and translation (Record no. 112894)
[ view plain ]
| 000 -LEADER | |
|---|---|
| fixed length control field | 02851nam a2200385 a 4500 |
| 082 04 - DEWEY DECIMAL CLASSIFICATION NUMBER | |
| Classification number | 418/.02 |
| 245 00 - TITLE STATEMENT | |
| Title | Knowledge systems and translation |
| 260 ## - PUBLICATION, DISTRIBUTION, ETC. (IMPRINT) | |
| Place of publication | Berlin ; |
| -- | New York : |
| Name of publisher | M. de Gruyter, |
| Year of publication | 2005. |
| 300 ## - PHYSICAL DESCRIPTION | |
| Number of Pages | vi, 325 p. : |
| Other physical details | ill. |
| 500 ## - GENERAL NOTE | |
| General note | Selected papers from the March, 2003, event of the Text and Translation conference series, held at the Aarhus School of Business. |
| 505 0# - FORMATTED CONTENTS NOTE | |
| Formatted contents note | The memetics of knowledge / Andrew Chesterman -- Representing interpreters' knowledge : why, what, and how? / Torben Thrane -- Knowledge representation in machine translation / Walther von Hahn -- Knowledge and text types / Annely Rothkegel -- Ontology-driven translation management / Gerhard Budin -- Translation studies : broaden or deepen the perspective? / Klaus Schubert -- Empirical research into the role of knowledge in interpreting : methodological aspects / Daniel Gile -- Investigating expert translators' processing knowledge / Arnt Lykke Jakobsen -- Of cat? sh and blue bananas : scenes-and-frames semantics as a contrastive "knowledge system" for translation / Mary Snell-Hornby -- Translation-related analysis of the textualisation of a knowledge system on the basis of Fauconnier's concept of mental spaces / Laura Sergo and Gisela Thome -- Modelling semantic networks on source and target texts in consecutive interpreting : a contribution to the study of interpreters' notes / Helle V. Dam, Jan Engberg and Anne Schjoldager -- Cultural constellations in text and translation / Young-Jin Kim -- Pointing to contexts : a relevance-theoretic approach to assessing quality and difficulty in interpreting -- Robin Setton. |
| 650 #0 - SUBJECT ADDED ENTRY--TOPICAL TERM | |
| Topical Term | Translating and interpreting |
| Topical Term | Knowledge, Theory of |
| 700 1# - ADDED ENTRY--PERSONAL NAME | |
| Personal name | Dam, Helle V., |
| Personal name | Engberg, Jan, |
| Personal name | Gerzymisch-Arbogast, Heidrun. |
| 856 40 - ELECTRONIC LOCATION AND ACCESS | |
| Uniform Resource Identifier | http://site.ebrary.com/lib/rucke/Doc?id=10595876 |
No items available.
